1 and 2 Thessalonians : based on the revised starndard version /

সংরক্ষণ করুন:
গ্রন্থ-পঞ্জীর বিবরন
প্রধান লেখক: Marshall I. Howard
বিন্যাস: গ্রন্থ
ভাষা:ইংরেজি
প্রকাশিত: Grand Rapids : William Eedmans Publishing Company, c1983.
মালা:New century bible commentary
বিষয়গুলি:
ট্যাগগুলো: ট্যাগ যুক্ত করুন
কোনো ট্যাগ নেই, প্রথমজন হিসাবে ট্যাগ করুন!

MARC

LEADER 00000cam a22000002 4500
001 0000021149
005 20171002015407.0
008 060605s xx 000 0 eng d
020 |a 080281946x 
040 |a Daystar  |d COnyango 
050 0 0 |a BS 2725.3  |b .M36 
100 1 |a Marshall I. Howard. 
245 1 0 |a 1 and 2 Thessalonians :  |b based on the revised starndard version /  |c By I. Howard Marshall. 
260 |a Grand Rapids :  |b William Eedmans Publishing Company,  |c c1983. 
300 |a 240 p. 
440 0 |a New century bible commentary 
500 |a Includes index. 
650 0 |a Bible N.T Thessalonians  |x Commentaries. 
650 0 |a Bible N.T Thessalonians  |x criticism. 
908 |a 060605 
942 |c G 
952 |0 0  |1 0  |4 0  |6 BS_2725_300000000000000_M36  |7 0  |9 15100  |a DUA  |b DUA  |c GC  |d 2017-09-28  |l 0  |o BS 2725.3.M36  |p BK004491  |r 2017-09-28 00:00:00  |t c.3  |w 2017-09-28  |x 16746  |y G 
952 |0 0  |1 0  |4 0  |6 BS_2725_300000000000000_M36  |7 0  |9 15101  |a DUA  |b DUA  |c GC  |d 2017-09-28  |l 0  |o BS 2725.3.M36  |p BK004570  |r 2017-09-28 00:00:00  |t c.2  |w 2017-09-28  |x 16745  |y G 
952 |0 0  |1 0  |4 0  |6 BS_2725_300000000000000_M36  |7 0  |9 15102  |a DUN  |b DUN  |c GC  |d 2017-09-28  |l 0  |o BS 2725.3.M36  |p BK027095  |r 2017-09-28 00:00:00  |t c.1  |w 2017-09-28  |x 16545  |y G 
999 |c 9608  |d 9608